| 000 | 01136cam a2200349 a 4500 | ||
|---|---|---|---|
| 001 | 4686 | ||
| 003 | FISKH | ||
| 005 | 20250708152925.0 | ||
| 008 | 970116s1998 nyua b 000 1 eng | ||
| 010 | _a 97000732 | ||
| 020 | _a9780689817045 | ||
| 040 |
_aDLC _cDLC _dDLC _beng |
||
| 050 | _aPZ7.H83727 | ||
| 082 | _a653 | ||
| 100 | 1 |
_aHowe, James, _d1946- |
|
| 245 | 1 | 0 |
_aPinky and Rex and the school play / _cby James Howe ; illustrated by Melissa Sweet. |
| 260 |
_aNew York : _bSimon Spotlight, _c1998. |
||
| 300 |
_a40 pages : _bcolor illustrations ; _c23 cm |
||
| 440 | 0 |
_aReady-to-read. _nLevel 3 |
|
| 505 | _aM | ||
| 520 | _aPinky is jealous when his best friend Rex gets the lead in the school play, even though she only tried out to give Pinky moral support. | ||
| 521 | 8 |
_a530
_bLexile |
|
| 521 | 8 |
_aM
_bRaz-Plus |
|
| 650 | 1 |
_aTheater _vFiction. |
|
| 650 | 1 |
_aJealousy _vFiction. |
|
| 650 | 1 |
_aSchools _vFiction. |
|
| 650 | 1 |
_aFriendship _vFiction. |
|
| 700 | 1 |
_aSweet, Melissa, _d1956- _eillustrator |
|
| 906 |
_a7 _bcbc _corignew _d1 _eocip _f19 _gy-gencatlg |
||
| 942 |
_2ddc _cBK _n0 |
||
| 999 |
_c4686 _d4686 |
||